| 000 | 01380nam a22002657a 4500 | ||
|---|---|---|---|
| 003 | OSt | ||
| 005 | 20250619160824.0 | ||
| 008 | 200206s2019 ck a|||jr|||| 00| f spa d | ||
| 020 | _a9789584277176 | ||
| 040 |
_aCO-JMCR _cCO-JMCR |
||
| 082 |
_aJ-N _bROBo |
||
| 100 | 1 |
_aRobledo B., Beatriz Helena, _eautor _9225 |
|
| 245 | 1 | 3 |
_aEl otro Simón / _cBeatriz Helena Robledo B. ; ilustraciones de Electrobudista |
| 250 | _aPrimera edición | ||
| 260 |
_aBogotá : _bPlaneta, _c2019 |
||
| 300 |
_a70 páginas : _bilustraciones a color ; _c21 cm. |
||
| 490 | 0 | _aPlaneta Junior | |
| 500 | _aIncluye datos biográficos de la autora. | ||
| 504 | _aBibliografía: página 70 | ||
| 520 | _aEsta es la historia del joven Simón, quién dejó el llano para recorrer el territorio de la Nueva Granada detrás del sueño del otro Simón, el Libertador. Lo acompañaron su perrita Sacha, las historias de su padre y la ilusión de volver a ver a su abuela, en su camino, Simón vive las aventuras, las batallas y los sufrimientos de los miles de hombres y mujeres que, como él, dejaron sus hogares para buscar la libertad y la independencia en los paisajes helados de la sabana. | ||
| 650 | 1 | 4 |
_aNovela juvenil colombiana _9226 |
| 650 | 1 | 4 |
_aHistoria Guerra de independencia _xnovela juvenil _zColombia _9227 |
| 700 | 1 |
_aCamperos Durán, Adalberto, _eilustrador _9228 |
|
| 942 |
_2ddc _cBK |
||
| 999 |
_c6442 _d6442 |
||